Normal view
MARC view
- عنانزة، سلوى محمود حسن
Entry Personal Name
001 - CONTROL NUMBER
- control field: 65347
003 - CONTROL NUMBER IDENTIFIER
- control field: JO-AjAnu
005 - DATE AND TIME OF LATEST TRANSACTION
- control field: 20240408111540.0
008 - FIXED-LENGTH DATA ELEMENTS
- fixed length control field: 240408|| aca||aabn | a|a d
040 ## - CATALOGING SOURCE
- Original cataloging agency: JO-AjAnu
100 #1 - HEADING--PERSONAL NAME
- Personal name: عنانزة، سلوى محمود حسن
- Relator term: معد